000 01032nas a2200337 4500
001 BR0603028
003 BR-BrBNA
005 20231205110113.0
007 ta
008 230509b bl.|||p| |||| 00| 00por d
040 _aBR-BrBNA
_bpor
_cBiblioteca Nacional de Agricultura
041 _a(Pt)
072 _aL73; L70
100 1 _aRissi, D.R.
100 1 _aOliveira, F.N.
100 1 _aRech, R.R.
100 1 _aPierezan, F.
100 1 _aLemos, R.A.A.
100 1 _aBarros, C.S.L.
245 1 _aEpidemiologia, sinais clínicos e distribuição das lesões encefálicas em bovinos afetados por meningoencefalite por herpesvírus bovino-5
650 _aBOVINO
650 _aMENINGITE
650 _aENCEFALITE
650 _aDOENÇA ANIMAL
650 _aHERPESVÍRUS
650 _aEPIDEMIOLOGIA
650 _aMICROSCOPIA
773 0 _tPesquisa Veterinária Brasileira (Brazil)
_xISSN 0100-736X
_g(Abr-Jun 2006), v. 26(2) p. 123-132
_wBR0603028
909 _a202311
_bLúcia
_c55
_dLúcia Elande
942 _2AGRIS
_n0
_cANA
999 _c186219
_d186219